000 00409nam a22001697a 4500
005 20180726152426.0
008 160622b xxu||||| |||| 00| 0 eng d
020 _a0-07-460366-6
041 _aeng
082 _b8870
_a658.3
100 _aSekaran, UMA
_9355
245 _aOrganisational behaviour:text and cases
260 _bTMH
_c1996
_adelhi
300 _a255p,
650 _aManagement
_9241
942 _cBK
999 _c3468
_d3467